Letters from Mexico /

Bibliographic Details
Main Author: Cortés, Hernán, 1485-1547
Other Authors: Pagden, Anthony
Format: Book
Language:English
Published: New Haven, Conn. : Yale University Press, 1986.
Subjects:

MARC

Tag First Indicator Second Indicator Subfields
LEADER 00000cam a2200000 a 4500
001 in00000009830
005 20151007051553.0
008 860326s1986 ctuabf b 00110 eng
010 |a  86050363  
020 |a 0300037244 
020 |a 0300037996 (pbk.) 
035 |a (OCoLC)16227880 
035 |9 AAA3656AM 
040 |a DLC  |c DLC  |d TXA  |d UtOrBLW 
041 1 |a eng  |h spa 
043 |a n-mx--- 
049 |a TXAM 
050 0 0 |a F1230  |b .C83313 1986 
082 0 |a 972/.02/0924  |2 19 
100 1 |a Cortés, Hernán,  |d 1485-1547. 
240 1 0 |a Cartas inéditas.  |l English 
245 1 0 |a Letters from Mexico /  |c Hernan Cortes ; translated and edited by Anthony Pagden ; with an introduction by J.H. Elliott. 
264 1 |a New Haven, Conn. :  |b Yale University Press,  |c 1986. 
300 |a lx, 563 pages, 4 unnumbered leaves of plates :  |b illustrations, maps ;  |c 24 cm. 
336 |a text  |b txt  |2 rdacontent 
337 |a unmediated  |b n  |2 rdamedia 
338 |a volume  |b nc  |2 rdacarrier 
500 |a Translation of: Cartas inéditas. 
504 |a Includes bibliographical references (pages 537-549) and index. 
536 |a From the library of Dr. R.G. Breene, Jr., March 2004. 
651 0 |a Mexico  |x History  |y Conquest, 1519-1540  |v Sources. 
700 1 |a Pagden, Anthony. 
999 |a MARS 
999 f f |s b114e369-08f6-3700-ac30-a46ad9908c19  |i cf3208b0-fc12-3f8f-9c80-64b4083b9988  |t 0 
952 f f |p normal  |a Texas A&M University  |b College Station  |c Sterling C. Evans Library  |d Evans: Library Stacks  |t 0  |e F1230 .C83313 1986  |h Library of Congress classification  |i unmediated -- volume  |m A14812642352 
998 f f |a F1230 .C83313 1986  |t 0  |l Evans: Library Stacks